01078 a2200205 4500003000500000005001700005020001500022040000900037082001400046100002800060245005600088250001100144260002800155300001100183505047900194650004500673942001200718999001900730952012300749Nust20221024101556.0 a8173194289 cNust a621.3,DUB aDubey, Gopal K.9101181 aFundamentals of electrical drives /cGopal K. Dubey a2nd ed a2001bNarosacNew Delhi a392 p. aElectrical Drives – An Introduction (Page-1), Dynamic of Electrical Drives (Page-11), Control of Electrical Drives (Page-32), Selection of Motor Power Rating (Page-44), DC Motor Drives (Page-60), Induction Motor Drives (Page-140), Stepper Motor and Switched Reluctance Motor Drives (Page-280), Solar and Battery Powered Drives (Page-297), Traction Drives (Page-305), Energy Conservation in Electrical Drives (Page-355), Electrical Drive System and Components (Page-365).  aFundamental of electrical drives9101182 2ddccBK c180283d180283 00102ddc4070aMCSbMCScGENd2016-12-12o621.3,DUBpMCS30377r2016-12-08w2016-12-12yBKzAlmirah No.28, Shelf No.1